Statistics for European cities with most population within a radius of 30km

Click here to take the quiz!

General Stats

  • This quiz has been taken 38 times
  • The average score is 31 of 37

Answer Stats

HintAnswer% Correct
10,381,000Paris
100%
9,873,000London
100%
13,985,000Moscow
97%
2,607,000Warsaw
97%
2,390,000Munich
97%
2,762,000Amsterdam
97%
4,715,000Barcelona
97%
6,178,000Madrid
97%
4,016,000Berlin
94%
3,662,000Athens
94%
3,475,000Rome
94%
2,873,000Brussels
94%
2,503,000Bucharest
94%
4,536,000Milan
94%
2,558,000Budapest
94%
3,248,000Kiev
91%
2,529,000Hamburg
91%
3,192,000Manchester
91%
12,848,000Istanbul
91%
4,906,000St. Petersburg
91%
2,724,000Lisbon
89%
3,702,000Naples
86%
2,295,000Vienna
83%
2,604,000Frankfurt
83%
3,652,000Birmingham
83%
2,562,000Cologne
80%
3,267,000Rotterdam
77%
2,092,000Minsk
77%
2,534,000Leeds
74%
2,032,000Zurich
74%
2,168,000Liverpool
69%
2,093,000Dortmund
69%
2,842,000Essen
66%
2,402,000Dusseldorf
66%
2,427,000Stuttgart
60%
2,202,000Lille
43%
2,466,000Katowice
34%

Score Distribution

Percentile by Number Answered

Percent of People with Each Score

Your Score History

You have not taken this quiz